I peculi speciali in diritto romano
Uloženo v:
| Hlavní autor: | |
|---|---|
| Médium: | Kniha |
| Jazyk: | italština |
| Vydáno: |
Milán
Dott. A. Giuffrè
1953
|
| Edice: | Pubblicazioni della Facoltà di Giurisprudenza, 20
|
| Témata: | |
| Tagy: |
Přidat tag
Žádné tagy, Buďte první, kdo vytvoří štítek k tomuto záznamu!
|
MARC
| LEADER | 00000nam a2200000 a 4500 | ||
|---|---|---|---|
| 001 | UCR1002 | ||
| 003 | CL-VaPUC | ||
| 008 | 971205e19530000IT |||||||||||||||||ita|d | ||
| 082 | 0 | 4 | |a 340.54 |b ROS |2 21 |
| 100 | 0 | |a Rosa, Franca de |e author |9 397723 | |
| 245 | 1 | 2 | |a I peculi speciali in diritto romano |
| 300 | |a 248 p | ||
| 942 | |c BK | ||
| 945 | |d 19971205 00:00:00 |a aolguin | ||
| 260 | |a Milán |b Dott. A. Giuffrè |c 1953 | ||
| 650 | 0 | |a Derecho romano |9 255930 | |
| 650 | 0 | |a Patrimonio |9 257770 | |
| 650 | 0 | |a Familias |9 255641 | |
| 650 | 0 | |a Derecho patrimonial |9 391659 | |
| 650 | 0 | |a Derecho de familia |9 255603 | |
| 583 | |a last modification |c 19971205 00:00:00 |k Rodrigo Vera | ||
| 490 | 0 | |a Pubblicazioni della Facoltà di Giurisprudenza, 20 | |
| 999 | |c 264497 |d 264495 | ||
| 952 | |0 0 |1 0 |4 0 |6 340_540000000000000_ROS_1953 |7 0 |8 DER_ROM |9 294780 |a BIBDER |b BIBDER |d 2019-11-19 |i 1909886 |l 2 |o 340.54 ROS 1953 |p 1909886 |r 2023-01-25 |s 2021-12-10 |w 2019-11-19 |x Ubicación 4to piso |y BK |z Este recurso debe solicitarse con anticipación |k DER | ||